000 00332nam a22001457a 4500
008 221014b ||||| |||| 00| 0 eng d
020 _ax000rjfsgl
041 _aeng
080 _2EIGHTH EDITION
_a34
082 _a34 LOW
100 _a31.1
101 _aJURED
245 _aFEDERAL COURTS AND THE LAW
_cLOW W.P
942 _2udc
_cBK
999 _c58573
_d58573